Open Data Biblioteca Nacional de Portugal


República Portuguesa: Ministério da Cultura
Biblioteca Nacional de Portugal

Catálogo da BNP: acesso por Identificadores Unívocos
Registos Bibliográficos associados ao registo de autoridade

Etiqueta de registo: 00713cas 02200241 04500
001 39818
003 http://id.bnportugal.gov.pt/bib/catbnp/39818
005 19981113123400.0
095 ## $aPTBN00040876
100 ## $a19870331a19869999m y0pora0103 ba
101 0# $apor
102 ## $aPT
200 1# $aRevista do Minho$epublicação mensal informação cultura e turismo$fdir. e propr. Mário Leitäo
207 #0 $aNº 1 (Dez. 1986)-
210 #9 $aPonte de Lima$cM.L.,$d1986-
215 ## $d30 cm
606 ## $aInformação regional$2BN-P$31092425
675 ## $a908(469.11)(05)$vBN$zpor$31397340
702 #1 $aLeitão,$bAntónio Mário,$f1949-$4300$31748997
801 #0 $aPT$bBN$gRPC
966 ## $lBN$mFGREV$sP.P. 18307 V.
998 ## $aBN007 - 00300

Etiqueta de registo: 00000nam 2200025 450
001 1862750
003 http://id.bnportugal.gov.pt/bib/catbnp/1862750
010 ## $a978-989-98143-0-1
021 ## $aPT$b351767/12
100 ## $a20140129d2012 m y0pory01030103ba
101 0# $apor
102 ## $aPT
105 ## $aa z 000yy
106 ## $ar
200 1# $aBiodiversidade das lagoas de Bertiandos e S. Pedro d'Arcos$ehistória de vinte e cinco anos de educação ambiental na zona húmida da A.P.P.L.S.P.A.B., (1975-2000)$fMário Leitão
210 #9 $aPonte de Lima$cLions Clube,$d2012
215 ## $a295, [1] p.$cil.$d30 cm
320 ## $aBibliografia, p. 267-268
532 12 $aBiodiversidade das lagoas de Bertiandos e São Pedro de Arcos
675 ## $a591.9(469.111)$vBN$zpor$31562008
675 ## $a581.9(469.111)$vBN$zpor$31562009
675 ## $a502.17(469.111)$vBN$zpor$31483887
700 #1 $aLeitão,$bAntónio Mário,$f1949-$31748997
801 #0 $aPT$bBN$gRPC
856 41 $uhttp://rnod.bnportugal.gov.pt/ImagesBN/winlibimg.aspx?skey=&doc=1862750&img=38264&save=true
900 ## $aBIBNAC$d20140311
966 ## $lBN$mFGMON$sS.A. 152863 V.
966 ## $lBN$mFGMON$sS.A. 152863 V.-D

Etiqueta de registo: 00000nam 2200025 450
001 1994955
003 http://id.bnportugal.gov.pt/bib/catbnp/1994955
010 ## $a978-989-20-7621-8
021 ## $aPT$b427328/17
100 ## $a20180706d2017 m y0pory01030103ba
101 0# $apor
102 ## $aPT
105 ## $aa z 000yy
106 ## $ar
200 1# $aHistória do dia do combatente limiano$fMário Leitão
210 #9 $aPonte de Lima$cMário Leitão,$d2017
215 ## $a107 p.$cil.$d30 cm
675 ## $a94(469.111)"19"$vBN$zpor$31719850
675 ## $a355.48(100)"19"$vBN$zpor$31041379
675 ## $a355.11A/Z(=1:469.111)"19"(091)$vBN$zpor$31719847
700 #1 $aLeitão,$bAntónio Mário,$f1949-$31748997
801 #0 $aPT$bBN$gRPC
856 41 $uhttp://rnod.bnportugal.gov.pt/ImagesBN/winlibimg.aspx?skey=&doc=1994955&img=112258&save=true
900 ## $aBIBNAC$d20180918
966 ## $lBN$mFGMON$sH.G. 76308 V.$x1
966 ## $lBN$mFGMON$sH.G. 76308 V.-D$x1

Etiqueta de registo: 00000nam 2200025 450
001 2019430
003 http://id.bnportugal.gov.pt/bib/catbnp/2019430
021 ## $aPT$b448700/18
100 ## $a20190410d2018 m y0pory01030103ba
101 0# $apor
102 ## $aPT
105 ## $ay z 000gy
106 ## $ar
200 1# $a A voz da alma$fJúlio Vilar Pereira Pinto$gpref. António Mário Leitão
210 #9 $a[S.l.]$cJúlio Vilar Pereira Pinto,$d2018
215 ## $a135 p.$d23 cm
675 ## $a821.134.3-1"20"$vBN$zpor$31023893
700 #1 $aPinto,$bJúlio Vilar Pereira,$f1942-$31748984
702 #1 $aLeitão,$bAntónio Mário,$f1949-$4080$31748997
801 #0 $aPT$bBN$gRPC
856 41 $uhttp://rnod.bnportugal.gov.pt/ImagesBN/winlibimg.aspx?skey=&doc=2019430&img=124595&save=true
900 ## $aBIBNAC$d20190503
966 ## $lBN$mFGMON$sL. 147721 V.$x1
966 ## $lBN$mFGMON$sL. 147721 V.-D$x1

Etiqueta de registo: 00000nam 2200025 450
001 2101778
003 http://id.bnportugal.gov.pt/bib/catbnp/2101778
010 ## $a978-989-37-3051-5
021 ## $aPT$b495261/22
100 ## $a20220607d2022 m y0pory01030103ba
101 0# $apor
102 ## $aPT
105 ## $aa z 000yd
106 ## $ar
200 1# $aAprendiz de mágico$fAntónio Mário Leitão
205 ## $a1ª ed
210 #9 $aLisboa$cAstrolábio,$d2022
215 ## $a261, [3] p.$cil.$d22 cm
675 ## $a821.134.3-94"20"$vBN$zpor$31565850
700 #1 $aLeitão,$bAntónio Mário,$f1949-$31748997
801 #0 $aPT$bBN$gRPC
856 41 $uhttp://rnod.bnportugal.gov.pt/ImagesBN/winlibimg.aspx?skey=&doc=2101778&img=166000&save=true
900 ## $aBIBNAC$d20220707
966 ## $lBN$mFGMON$sL. 160993 V.$x1
971 ## $cssilva$d20220607
972 ## $d20220707$e0$vlrevez$z0
973 ## $csteixeira$d20220623

Etiqueta de registo: 00254nam 2200025 450
001 2120694
003 http://id.bnportugal.gov.pt/bib/catbnp/2120694
010 ## $a978-989-20-8557-9
021 ## $aPT$b442058/18
100 ## $a20230116d2018 m y0pory01030103ba
101 0# $apor
102 ## $aPT
105 ## $aa z 000yy
106 ## $ar
200 1# $aHeróis limianos da Guerra do Ultramar$fMário Leitão
210 #9 $aPonte de Lima$cMário Leitão,$d2018
215 ## $a272 p.$cil.$d24 cm
675 ## $a929A/Z(=1:469.111)$vBN$zpor$31818035
675 ## $a821.134.3-94"20"$vBN$zpor$31565850
675 ## $a355.48(469-44)"1961/1974"$vBN$zpor$31754372
700 #1 $aLeitão,$bAntónio Mário,$f1949-$31748997
801 #0 $aPT$bBN$gRPC
856 41 $uhttp://rnod.bnportugal.gov.pt/ImagesBN/winlibimg.aspx?skey=&doc=2120694&img=173582&save=true
900 ## $aBIBNAC$d20230209
966 ## $lBN$mFGMON$sH.G. 84959 V.$x1
966 ## $lBN$mFGMON$sH.G. 84959 V.-D$x1
971 ## $corlando$d20230116
972 ## $e2$z0$d20230209$viquintas
973 ## $csteixeira$d20230117
974 ## $e0$d20230120$vrsimoes

Etiqueta de registo: 00254nam 2200025 450
001 2283758
003 http://id.bnportugal.gov.pt/bib/catbnp/2283758
010 ## $a978-989-35130-3-3
021 ## $aPT$b541414/24
100 ## $a20260407d2024 m y0pory01030103ba
101 0# $apor
102 ## $aPT
105 ## $aa z 000zy
106 ## $ar
200 1# $aCrónicas gente limiana$fAntónio Mário Leitão
210 #9 $aPonte de Lima$cAssociação de Escritores Jornalistas e Promotores Culturais de Ponte de Lima,$d2024
215 ## $a333, [3] p.$cil.$d29 cm
675 ## $a908(469.111)(046)$vBN$zpor$31605560
675 ## $a821.134.3-92"20"$vBN$zpor$31049730
700 #1 $aLeitão,$bAntónio Mário,$f1949-$31748997
801 #0 $aPT$bBN$gRPC
856 41 $uhttp://rnod.bnportugal.gov.pt/ImagesBN/winlibimg.aspx?skey=&doc=2283758&img=222323&save=true
900 ## $aBIBNAC$d20260520
966 ## $lBN$mFGMON$sH.G. 89179 V.$x1
966 ## $lBN$mFGMON$sH.G. 89179 V.-D$x1
971 ## $cssilva$d20260407
972 ## $e0$z0$d20260520$vlrevez
973 ## $cigoulao$d20260512

Etiqueta de registo: 00254nam 2200025 450
001 2283265
003 http://id.bnportugal.gov.pt/bib/catbnp/2283265
010 ## $a978-989-35130-0-2
021 ## $aPT$b515223/23
100 ## $a20260330d2023 m y0pory01030103ba
101 0# $apor
102 ## $aPT
105 ## $aa z 000zd
106 ## $ar
200 1# $aJoão Cardoso de Oliveira, homem e sacerdote$fAntónio Mário Leitão
210 #9 $aPonte de Lima$cAssociação de Escritores Jornalistas e Produtores Culturais de Ponte de Lima,$d2023
215 ## $a167 p.$cil.$d24 cm
675 ## $a272-722Oliveira, João Cardoso de, Padre$vBN$zpor$31999419
675 ## $a929Oliveira, João Cardoso de$vBN$zpor$31999417
700 #1 $aLeitão,$bAntónio Mário,$f1949-$31748997
702 #1 $aOliveira,$bJoão Cardoso de$4100$3319076
801 #0 $aPT$bBN$gRPC
856 41 $uhttp://rnod.bnportugal.gov.pt/ImagesBN/winlibimg.aspx?skey=&doc=2283265&img=222696&save=true
900 ## $aBIBNAC$d20260602
966 ## $lBN$mFGMON$sH.G. 89216 V.$x1
966 ## $lBN$mFGMON$sH.G. 89216 V.-D$x1
971 ## $cabrito$d20260330
972 ## $e0$z0$d20260602$vasantos
973 ## $caalmeid$d20260527

OpendataBNP@bnportugal.pt | Mais informação sobre acesso aos dados BNP